Segmentación espacial tridimensional en hardware para el CPU Theia
Gardado en:
| Autor Principal: | |
|---|---|
| Outros autores: | |
| Formato: | Libro |
| Idioma: | Spanish |
| Publicado: |
[San José], Costa Rica
2013
|
| Materias: | |
| Etiquetas: |
Engadir etiqueta
Sen Etiquetas, Sexa o primeiro en etiquetar este rexistro!
|
MARC
| LEADER | 00000nam a22000007a 4500 | ||
|---|---|---|---|
| 003 | 011807 | ||
| 005 | 20230824152617.0 | ||
| 008 | 150421b2013 cr a|||| |||| 00| ||spa d | ||
| 040 | |c cru CEDI | ||
| 090 | |a TFG 6976 | ||
| 100 | |a Sáurez Apuy, Enrique José, 1991- |9 1203 | ||
| 245 | |a Segmentación espacial tridimensional en hardware para el CPU Theia | ||
| 260 | |a [San José], Costa Rica |c 2013 | ||
| 300 | |a xii, 145 páginas : ilustraciones a color | ||
| 500 | |a Proyecto de graduación (bachillerato en ingeniería eléctrica)-- Universidad de Costa Rica. Facultad de Ingeniería. Escuela de Ingeniería Eléctrica | ||
| 501 | |a Profesor Guía de IE-0499 Proyecto Eléctrico: Ing. Diego Valverde Garro | ||
| 650 | |x SISTEMAS DE TRANSMISION DE DATOS |x SISTEMAS DE TELECOMUNICACION |x PROCESAMIENTO DE IMAGENES |x SIMULACION POR COMPUTADORA |x USB (BUS PARA COMPUTADORAS) |9 755 | ||
| 700 | |9 1185 |a Diego Valverde Garro, 1979- |d Director de Proyecto Eléctrico | ||
| 942 | |c CEDI | ||
| 999 | |c 13833 |d 13833 | ||
